Music Quiz

Random Music or Billboard Quiz

1-in-4 Shot: 1982 Songs Quiz Stats

 Plays Quiz not verified by Sporcle

Score 0/25 Timer 04:00
0 Plays Today
Question Answer Wrong Answers
I ___ Rock 'n' Roll
Joan Jett & the Blackhearts
Love
97.8%
Am
0%
Killed
0%
Want
1.1%
Ebony and ___
Paul McCartney & Stevie Wonder
Ivory
97.8%
Avonlea
0.5%
Ellerby
0%
Mallory
0%
Eye of the ___
Survivor
Tiger
97.8%
Newt
0%
Needle
1.1%
Hurricane
0%
___ Love
Soft Cell
Tainted
97.3%
Dirty
0%
Everlasting
1.6%
Backseat
0%
Don't You Want ___
Human League
Me
96.8%
Some
1.1%
Love
1.1%
Peace
0%
___ on My Mind
Willie Nelson
Always
94.1%
Texas
3.2%
Mama
0%
You're
1.1%
We Got the ___
The Go-Go's
Beat
93.5%
Booze
0%
Touch
3.8%
Beach
1.1%
___ to Say I'm Sorry
Chicago
Hard
93.5%
Ready
1.6%
Hurts
2.2%
Want
1.1%
___ of Fire
Vangelis
Chariots
93.5%
Streets
3.8%
Dreams
1.1%
Serpent
0.5%
867-5309/___
Tommy Tutone
Jenny
93%
Jamie
2.2%
Janie
3.8%
Julie
0%
___ Arms
Journey
Open
93%
Empty
2.2%
Your
2.2%
Pale
0.5%
___ for a Girl Like You
Foreigner
Waiting
92.5%
Aching
0.5%
Searching
4.3%
Wishing
1.6%
Hurts So ___
John Cougar
Good
89.8%
Bad
7.5%
Right
0.5%
Much
1.6%
Young ___
Rod Stewart
Turks
89.2%
Nurse
0.5%
Eyes
4.8%
Hoods
3.8%
___ It Up
The Cars
Shake
87.1%
Break
2.2%
Stir
7.5%
Change
2.2%
I ___
A Flock of Seagulls
Ran
86.6%
Can
2.2%
Will
8.6%
Won't
1.1%
Pac-Man ___
Buckner & Garcia
Fever
85.5%
Hustle
5.4%
Stomp
0.5%
Party
8.1%
Only the ___
The Motels
Lonely
85.5%
Young
8.6%
Truth
2.2%
Night
3.2%
___ in America
Kim Wilde
Kids
81.7%
Guns
0%
Lost
5.9%
Made
11.3%
___ My Heart
Quarterflash
Harden
80.6%
Release
11.8%
Broke
6.5%
Not
0.5%
Key ___
Bertie Higgins
Largo
80.6%
Hole
2.2%
West
11.8%
Lime
3.8%
___ in the City
Billy Idol
Hot
80.6%
Rockin'
15.1%
Fast
0.5%
Noize
2.7%
Leader of the ___
Dan Fogelberg
Band
51.6%
Pack
44.1%
Losers
1.6%
Lost
1.6%
Let It ___
The Dazz Band
Whip
46.8%
Rip
20.4%
Go
23.1%
Be
8.1%
___ Love Affair
Paul Davis
'65
43%
'69
41.4%
'72
7%
'62
7%

You're not logged in!

Compare scores with friends on all Sporcle quizzes.
OR
Log In

Sporcle TV

Today on Sporcle TV


Watch our educational content, quiz creation guides, and fun videos on Sporcle TV.

Show Comments

Extras

Top Quizzes Today


Score Distribution

Your Account Isn't Verified!

In order to create a playlist on Sporcle, you need to verify the email address you used during registration. Go to your Sporcle Settings to finish the process.

Report this User

Report this user for behavior that violates our Community Guidelines.

Details: